|
|
|
|
| LEADER |
00000nab a2200000 a 4500 |
| 001 |
vtls001018441 |
| 003 |
SK-MaSNL |
| 005 |
20260304032020.0 |
| 008 |
040720e19970815xo 0 slo |
| 035 |
|
|
|a SN4383
|
| 040 |
|
|
|a SNSK
|b slo
|c SNSK
|e AACR2
|
| 041 |
0 |
|
|a slo
|
| 044 |
|
|
|a xo
|c SK
|
| 080 |
|
|
|a 622.342
|2 1981
|
| 100 |
1 |
|
|a Jurkovičová, Klaudia
|4 aut
|9 877349
|
| 245 |
1 |
0 |
|a Pripravovaná privatizácia štátneho podniku Želba Spišská Nová Ves rozdelila ľudí na dva tábory
|b Veľkohubé služby vlády ťažbu zlata a striebra nerozhýbu
|
| 650 |
0 |
7 |
|a baníctvo
|2 SNSK
|9 3571
|
| 650 |
0 |
7 |
|a privatizácia
|2 SNSK
|9 2343
|
| 650 |
0 |
7 |
|a striebro
|2 SNSK
|9 24817
|
| 650 |
0 |
7 |
|a zlato
|2 SNSK
|9 17575
|
| 650 |
0 |
7 |
|a ťažba stratová
|2 SNSK
|9 1312374
|
| 651 |
|
7 |
|a Spišská Nová Ves (Slovensko)
|2 SNSK
|9 28800
|
| 651 |
|
7 |
|a SN,
|2 SNSK
|9 1021277
|
| 655 |
|
7 |
|a periodikum
|2 snkbucl
|9 29553
|
| 773 |
0 |
8 |
|t Korzo
|g Roč. 4, č.188, 15.8.1997, s. 14,27
|
| 852 |
|
|
|a ZVYKNI
|b KIS3GCP
|
| 999 |
|
|
|c 2640894
|d 2642824
|